<?xml version="1.0" encoding="UTF-8"?>
<collection xmlns="http://www.loc.gov/MARC21/slim">
 <record>
  <leader>00492pamaa2200157   4500</leader>
  <controlfield tag="001">0000019788</controlfield>
  <controlfield tag="005">20061120090000.0</controlfield>
  <datafield tag="020" ind1="0" ind2="0">
   <subfield code="a">0553282360 </subfield>
  </datafield>
  <datafield tag="090" ind1="0" ind2="0">
   <subfield code="a">PN4121 </subfield>
   <subfield code="b">BER 1989</subfield>
  </datafield>
  <datafield tag="100" ind1="1" ind2="0">
   <subfield code="a">BERG </subfield>
  </datafield>
  <datafield tag="245" ind1="1" ind2="0">
   <subfield code="a">Get to the point : </subfield>
   <subfield code="b">how to say what you mean and get what you want  </subfield>
   <subfield code="c">Karen Berg and Andrew Gilman with Edward P. Stevenson.</subfield>
  </datafield>
  <datafield tag="260" ind1="0" ind2="0">
   <subfield code="a">New York: </subfield>
   <subfield code="b">Bantam Books, </subfield>
   <subfield code="c">1989.</subfield>
  </datafield>
  <datafield tag="300" ind1=" " ind2=" ">
   <subfield code="a">231p.; </subfield>
   <subfield code="c">19cm.</subfield>
  </datafield>
  <datafield tag="650" ind1="0" ind2="0">
   <subfield code="a">Public speaking </subfield>
  </datafield>
  <datafield tag="700" ind1="1" ind2="1">
   <subfield code="a">GILMAN, </subfield>
   <subfield code="h">Andrew </subfield>
  </datafield>
  <datafield tag="700" ind1="1" ind2="1">
   <subfield code="a">Stevenson, </subfield>
   <subfield code="h">Edward P. </subfield>
  </datafield>
 </record>
</collection>
